000 00608nam a2200229Ia 4500
003 OSt
005 20220928143843.0
006 a|||||r|||| 00| 0
007 ta
008 220927b |||||||| |||| 00| 0 eng d
024 _a23227
037 _cTextual
040 _aSDCL
_cSDCL
_beng
041 _2eng
_aeng
082 _aW87, N0
100 _aHunter Doris A
_9506143
245 0 _aNonviolence
_b A reader in the Ethics of action
260 _c1990
700 _a Mallick Krishna
_9506144
942 _hW87, N0
_cTEXL
_2CC
999 _c825173
_d825173